[Event "EU-ch rapid"]
[Site "Athens"]
[Date "1997.??.??"]
[Round "11"]
[White "Vaisser, Anatoli"]
[Black "Boensch, Uwe"]
[Result "1/2-1/2"]
[WhiteElo "2575"]
[BlackElo "2540"]
[EventDate "1997.??.??"]

1. d4 d5 2. c4 e6 3. Nc3 Nf6 4. cxd5 exd5 5. Bg5 c6 6. e3 Be7 7. Bd3 Nbd7 
8. Nge2 O-O 9. Qc2 Re8 10. O-O Nf8 11. f3 Be6 12. a3 Rc8 13. b4 N6d7 14. 
Bxe7 Qxe7 15. e4 Nb6 16. Ng3 g6 17. Rae1 Rcd8 18. Qf2 Qh4 19. e5 f5 20. 
exf6 Qxf6 21. f4 Bf7 22. f5 Rxe1 23. Rxe1 Re8 24. Rf1 Nfd7 25. a4 a6 26. 
a5 Nc8 27. Na4 Nd6 28. Nc5 Nxc5 29. bxc5 Nc4 30. fxg6 Qxf2+ 31. Kxf2 Bxg6 
32. Bxc4 dxc4 33. Re1 Rf8+ 34. Ke3 c3 35. Ne2 Re8+ 36. Kf2 Rf8+ 37. Ke3 
Re8+ 38. Kf2 Rf8+ 1/2-1/2

[Event "EU-chT (Men)"]
[Site "Pula"]
[Date "1997.??.??"]
[Round "2"]
[White "Efimov, Igor"]
[Black "Sulskis, Sarunas"]
[Result "1-0"]
[WhiteElo "2530"]
[BlackElo "2525"]
[EventDate "1997.05.05"]

1. d4 Nf6 2. Nf3 d5 3. c4 e6 4. Nc3 Nbd7 5. cxd5 exd5 6. Bf4 c6 7. e3 Be7 
8. Bd3 Nf8 9. h3 Ng6 10. Bh2 Bd6 11. Bxd6 Qxd6 12. Qc2 Be6 13. a3 a5 14. 
Ng5 O-O 15. O-O Rfe8 16. Na4 Nf8 17. Qc5 Qb8 18. b4 b5 19. Nb2 Bd7 20. Qc3
Ne4 21. Nxe4 dxe4 22. Be2 Ne6 23. a4 axb4 24. Qxb4 c5 25. dxc5 bxa4 26. 
Qa3 Nxc5 27. Rfd1 Be6 28. Qxc5 Qxb2 29. Bb5 Rec8 30. Rxa4 Rab8 31. Rad4 h6
32. Bc6 Qe2 33. Qe5 Bb3 34. R1d2 Qe1+ 35. Kh2 g6 36. Bxe4 Re8 37. Qf4 Qc1 
38. Rd6 Rb4 39. Rd8 1-0

[Event "EU-chT (Men)"]
[Site "Pula"]
[Date "1997.??.??"]
[Round "9"]
[White "Sadler, Matthew"]
[Black "Lutz, Christopher"]
[Result "1/2-1/2"]
[WhiteElo "2645"]
[BlackElo "2555"]
[EventDate "1997.05.05"]

1. d4 d5 2. c4 e6 3. Nc3 Be7 4. cxd5 exd5 5. Bf4 c6 6. e3 Bf5 7. Nge2 Nd7 
8. h3 Bg6 9. Ng3 Nf8 10. Be5 Ne6 11. Nge2 Bd6 12. Bxd6 Qxd6 13. Nc1 Nf6 
14. Bd3 Bxd3 15. Nxd3 O-O 16. O-O Ne4 17. Rc1 Nxc3 18. Rxc3 Rfe8 19. Qc2 
Re7 20. Rb1 Ng5 21. Nc5 Ne4 22. Nxe4 Rxe4 23. b4 a6 24. a4 g6 25. b5 axb5 
26. axb5 Re6 27. g3 Kg7 28. Kg2 h5 29. bxc6 bxc6 30. Rb6 Rc8 31. h4 Qd7 
32. Rcb3 1/2-1/2

[Event "Franfurt CC Ordix"]
[Site "Frankfurt"]
[Date "1997.??.??"]
[Round "11"]
[White "Dautov, Rustem"]
[Black "Vaganian, Rafael A"]
[Result "1/2-1/2"]
[WhiteElo "2590"]
[BlackElo "2585"]
[EventDate "1997.??.??"]

1. d4 d5 2. c4 e6 3. Nc3 Be7 4. cxd5 exd5 5. Bf4 c6 6. e3 Nf6 7. Bd3 Nbd7 
8. h3 O-O 9. Nf3 Re8 10. O-O Nf8 11. Qc2 Ng6 12. Bh2 Bd6 13. Bxd6 Qxd6 14.
 Rab1 Qe7 15. b4 Ne4 16. b5 Ng5 17. Qe2 Qf6 18. Nxg5 Qxg5 19. bxc6 bxc6 
20. f4 Qe7 21. Rbe1 Nf8 22. f5 Nd7 23. Qf2 Qa3 24. Qc2 Ba6 25. Bxa6 Qxa6 
26. e4 Qc4 27. Qd2 dxe4 28. Nxe4 Qd5 29. Nc3 Qd6 30. Ne4 Qd5 31. Nc3 Qd6 
32. Ne4 1/2-1/2

[Event "Groningen op"]
[Site "Groningen"]
[Date "1997.??.??"]
[Round "10"]
[White "Ibragimov, Ildar"]
[Black "Kasimdzhanov, Rustam"]
[Result "1-0"]
[WhiteElo "2585"]
[BlackElo "2545"]
[EventDate "1997.12.20"]

1. Nf3 Nf6 2. c4 e6 3. d4 d5 4. Nc3 Nbd7 5. cxd5 exd5 6. Bf4 Nb6 7. e3 Bf5
8. Be2 Bd6 9. Ne5 c6 10. g4 Be6 11. h4 Qe7 12. Rc1 Ne4 13. Nd3 Nc8 14. Qc2
O-O 15. f3 Ng3 16. Rh3 Nxe2 17. Qxe2 Bxf4 18. exf4 Re8 19. Kf2 Nd6 20. Kg3
Qf6 21. Ne5 Qd8 22. Qf2 f6 23. Nd3 Qc7 24. Rhh1 Bf7 25. h5 g6 26. Kg2 gxh5
27. Qh4 Re3 28. Rcd1 Qe7 29. Rde1 Bg6 30. f5 Bxf5 31. gxf5 Nxf5 32. Qf4 
Qc7 33. Qh4 1-0

[Event "HUN-ch+"]
[Site "Budapest"]
[Date "1997.10.22"]
[Round "2"]
[White "Portisch, Lajos"]
[Black "Pinter, Jozsef"]
[Result "0-1"]
[WhiteElo "2610"]
[BlackElo "2590"]
[EventDate "1997.10.21"]

1. d4 Nf6 2. c4 e6 3. Nf3 d5 4. cxd5 exd5 5. Nc3 c6 6. Qc2 Be7 7. Bg5 Na6 
8. e3 Nb4 9. Qb1 g6 10. Qd1 Bf5 11. Rc1 Qa5 12. Bxf6 Bxf6 13. Qd2 O-O 14. 
Be2 Kg7 15. O-O Rfe8 16. a3 Na6 17. Ra1 Nb8 18. b4 Qd8 19. b5 Qa5 20. Rfc1
Nd7 21. Qb2 Rec8 22. Nd2 Qd8 23. Nb3 h5 24. Qd2 Be6 25. bxc6 bxc6 26. Na4 
Rab8 27. Nac5 Nxc5 28. Nxc5 Rb6 29. Bd3 Qe7 30. Ra2 Bd7 31. a4 Be8 32. a5 
Rbb8 33. Ba6 Rd8 34. h3 Qc7 35. Bd3 Qd6 36. Raa1 Be7 37. Qc3 Kg8 38. Bf1 
Bf8 39. Ra2 Be7 40. Rac2 Bf8 41. f4 Qe7 42. g3 Bd7 43. Nxd7 Rxd7 44. Qd3 
Re8 45. Kf2 Qb4 46. Re2 c5 47. dxc5 Bxc5 48. a6 Bb6 49. Rb1 Qd6 50. h4 
Rde7 51. Rbe1 Qc5 52. Bg2 Rd8 53. Rc2 Qa5 54. Ree2 Kh7 55. Rc1 Rde8 56. 
Rce1 Rd8 57. Rc1 d4 58. e4 Qc3 59. Rd1 Rc8 60. Kg1 Qa5 61. Kh2 Rc3 62. Qb1
Qxa6 63. e5 0-1

[Event "Isle of Man op"]
[Site "Isle of Man"]
[Date "1997.10.08"]
[Round "5"]
[White "Sadler, Matthew"]
[Black "Baburin, Alexander"]
[Result "1/2-1/2"]
[WhiteElo "2665"]
[BlackElo "2570"]
[EventDate "1997.10.??"]

1. d4 d5 2. c4 e6 3. Nc3 Be7 4. cxd5 exd5 5. Bf4 c6 6. e3 Bf5 7. Nge2 Nd7 
8. Ng3 Bg6 9. Be2 Qb6 10. Qd2 h5 11. h4 Ngf6 12. a3 a5 13. Rc1 Qd8 14. Qd1
Kf8 15. Bf3 Kg8 16. O-O Nf8 17. Qb3 Ra7 18. e4 a4 19. Qd1 dxe4 20. Ngxe4 
Nxe4 21. Nxe4 Bxh4 22. d5 1/2-1/2

[Event "Linares Anibal op 4th"]
[Site "Linares"]
[Date "1997.??.??"]
[Round "5"]
[White "Hauchard, Arnaud"]
[Black "Kharlov, Andrei"]
[Result "1/2-1/2"]
[WhiteElo "2510"]
[BlackElo "2555"]
[EventDate "1997.02.??"]

1. d4 d5 2. c4 e6 3. Nc3 Nf6 4. cxd5 exd5 5. Bg5 c6 6. e3 Bf5 7. Qf3 Bg6 
8. Bxf6 Qxf6 9. Qxf6 gxf6 10. Kd2 Nd7 11. Bd3 Nb6 12. b3 Bb4 13. Ne2 Nc8 
14. h4 Nd6 15. h5 Bxd3 16. Kxd3 Bxc3 17. Nxc3 Rg8 18. Rag1 f5 19. f3 h6 
20. Ke2 Kd7 21. Kf2 Rg5 22. Ne2 a5 1/2-1/2

[Event "National op"]
[Site "Kissimmee"]
[Date "1997.??.??"]
[Round "4"]
[White "Olafsson, Helgi"]
[Black "Baburin, Alexander"]
[Result "1/2-1/2"]
[WhiteElo "2550"]
[BlackElo "2610"]
[EventDate "1997.08.03"]

1. c4 e6 2. Nc3 d5 3. d4 Nf6 4. cxd5 exd5 5. Bg5 c6 6. Qc2 Be7 7. e3 O-O 
8. Bd3 Nbd7 9. Nge2 Re8 10. O-O Nf8 11. a3 Nh5 12. Bxe7 Qxe7 13. b4 Qg5 
14. Rae1 Bh3 15. Ng3 Nxg3 16. hxg3 Bd7 17. e4 dxe4 18. Nxe4 Qe7 19. Qc3 
Be6 20. Nc5 Qc7 21. Be4 Rad8 22. Re3 Rd6 23. Bf5 Red8 24. Bxe6 Nxe6 25. 
Nxe6 Rxe6 26. Rxe6 fxe6 27. Re1 Qd6 28. Re4 Qd5 29. Qe3 h6 30. f3 a6 31. 
g4 Rd6 32. Kf2 Kf7 33. Kg3 Rd8 34. Qc3 Qd7 35. a4 g5 36. a5 Qd6+ 37. Kf2 
Qe7 38. Re5 Rd5 39. Rxd5 exd5 40. Qc5 Qxc5 41. bxc5 Kf6 1/2-1/2

[Event "RUS-Cup4"]
[Site "Perm"]
[Date "1997.??.??"]
[Round "5"]
[White "Neverov, Valeriy"]
[Black "Balashov, Yuri S"]
[Result "1/2-1/2"]
[WhiteElo "2530"]
[BlackElo "2510"]
[EventDate "1997.02.02"]

1. d4 Nf6 2. c4 e6 3. Nf3 d5 4. Nc3 Nbd7 5. cxd5 exd5 6. Bg5 Be7 7. e3 O-O
8. Bd3 Re8 9. O-O c6 10. Qc2 Nf8 11. h3 Be6 12. Rab1 Ne4 13. Bxe7 Rxe7 14.
 b4 Nxc3 15. Qxc3 Rc7 16. Rfc1 Rac8 17. a4 Qf6 18. Ne5 Bf5 19. Qc2 Bxd3 
20. Nxd3 Ne6 21. Rb3 Qe7 22. Qb2 h6 23. Rbc3 a6 24. Qb3 1/2-1/2

[Event "RUS-Cup7"]
[Site "Kstovo"]
[Date "1997.05.09"]
[Round "8"]
[White "Gleizerov, Evgeny"]
[Black "Kharitonov, Andrei Y"]
[Result "1/2-1/2"]
[WhiteElo "2545"]
[BlackElo "2520"]
[EventDate "1997.05.01"]

1. d4 d5 2. c4 e6 3. Nf3 Nf6 4. Nc3 Be7 5. cxd5 exd5 6. Qc2 c6 7. Bg5 Nbd7
8. e3 O-O 9. Bd3 Re8 10. O-O Nf8 11. Ne5 Ng4 12. Bxe7 Qxe7 13. Nxg4 Bxg4 
14. Bf5 Bxf5 15. Qxf5 1/2-1/2

[Event "RUS-ch m1-2"]
[Site "Elista"]
[Date "1997.05.19"]
[Round "1.1"]
[White "Rustemov, Alexander"]
[Black "Kiriakov, Petr"]
[Result "1/2-1/2"]
[WhiteElo "2550"]
[BlackElo "2530"]
[EventDate "1997.05.19"]

1. d4 e6 2. c4 Nf6 3. Nf3 d5 4. Nc3 Nbd7 5. cxd5 exd5 6. Bf4 c6 7. Qc2 Nh5
8. Bd2 Nb6 9. O-O-O Be7 10. Ne5 Be6 11. e3 Nf6 12. Bd3 Ng4 13. Be1 Bd6 14.
 Nxg4 Bxg4 15. f3 Bh5 16. h4 Qc7 17. g4 Bg6 18. e4 Bf4+ 19. Kb1 h5 20. e5 
Bxd3 21. Rxd3 f6 22. Nb5 Qd7 23. Nd6+ Kd8 24. Bc3 Kc7 25. Rg1 Rag8 26. 
Rdd1 Kb8 27. Qf5 fxe5 28. dxe5 Rf8 29. Qxd7 Nxd7 30. Rde1 Nc5 31. gxh5 Ne6
32. Rg6 Rh6 33. Reg1 d4 34. Rxe6 Rxe6 35. Bxd4 Bxe5 36. Re1 Bxd4 37. Rxe6 
Kc7 38. Nc4 Bf6 39. Ne5 Rh8 40. Ng4 Bxh4 41. Rg6 Rxh5 42. Rxg7+ 1/2-1/2

[Event "RUS-chT"]
[Site "Orel"]
[Date "1997.??.??"]
[Round "?"]
[White "Gleizerov, Evgeny"]
[Black "Rustemov, Alexander"]
[Result "1/2-1/2"]
[WhiteElo "2545"]
[BlackElo "2550"]
[EventDate "1997.??.??"]

1. d4 d5 2. c4 e6 3. Nf3 Nf6 4. cxd5 exd5 5. Nc3 c6 6. Bg5 Be7 7. e3 Bf5 
8. Bd3 Bxd3 9. Qxd3 Nbd7 10. O-O O-O 11. Rab1 1/2-1/2

[Event "Regensburg op"]
[Site "Regensburg"]
[Date "1997.??.??"]
[Round "8"]
[White "Georgiev, Vladimir"]
[Black "Balashov, Yuri S"]
[Result "1/2-1/2"]
[WhiteElo "2515"]
[BlackElo "2510"]
[EventDate "1997.??.??"]

1. Nf3 Nf6 2. c4 e6 3. Nc3 d5 4. d4 Nbd7 5. cxd5 exd5 6. Bg5 c6 7. e3 Be7 
8. Bd3 O-O 9. Qc2 Re8 10. O-O Nf8 11. Rab1 Ng6 12. b4 a6 13. a4 Bd6 14. b5
axb5 15. axb5 h6 16. bxc6 bxc6 17. Bxf6 Qxf6 18. e4 Nf4 19. e5 Qe6 20. Ne2
Nxd3 1/2-1/2

[Event "St Petersburg"]
[Site "St Petersburg"]
[Date "1997.04.17"]
[Round "1"]
[White "Epishin, Vladimir"]
[Black "Sosonko, Gennadi"]
[Result "1/2-1/2"]
[WhiteElo "2600"]
[BlackElo "2515"]
[EventDate "1997.04.17"]

1. d4 Nf6 2. c4 e6 3. Nf3 d5 4. Nc3 Bb4 5. Bg5 Nbd7 6. cxd5 exd5 7. Rc1 c6
8. Qc2 O-O 9. e3 Qa5 10. a3 Bxc3+ 11. Qxc3 Qxc3+ 12. Rxc3 Ne4 13. Rc2 Nxg5
14. Nxg5 Nf6 15. Bd3 a5 16. Nf3 Be6 17. Nd2 a4 18. f3 Ne8 19. Nf1 Nd6 20. 
Ng3 g6 21. Kd2 Kg7 22. Rcc1 f6 23. Rhe1 Rfe8 24. Kc3 Bd7 25. e4 dxe4 26. 
Nxe4 Nxe4+ 27. Rxe4 Bf5 28. Rxe8 Rxe8 29. Bxf5 gxf5 30. Kd2 f4 31. Rc4 Kf7
32. Rxa4 Rg8 33. Rb4 Rxg2+ 34. Kd3 Ke6 35. Rxb7 Rxh2 36. a4 Rh1 37. Ke4 
Rd1 38. Rxh7 f5+ 39. Kxf4 Rxd4+ 40. Kg5 Rxa4 41. Rh6+ Kf7 42. Rf6+ Kg7 43.
 Rxc6 Rb4 44. Rc7+ Kf8 45. Rc2 f4 46. Kf6 Kg8 47. Rf2 Kh7 48. Ke5 Kg6 49. 
Kd5 Kg5 50. Kc5 Rb3 51. Kc4 Re3 52. b4 Kh4 53. b5 Kg3 54. Rb2 Kxf3 55. b6 
Re8 56. b7 Rb8 57. Kc5 1/2-1/2

[Event "Western States op"]
[Site "Western States"]
[Date "1997.10.26"]
[Round "5"]
[White "Baburin, Alexander"]
[Black "Ziatdinov, Raset"]
[Result "1-0"]
[WhiteElo "2570"]
[BlackElo "2535"]
[EventDate "1997.??.??"]

1. d4 d5 2. c4 e6 3. Nc3 Be7 4. cxd5 exd5 5. Bf4 Nf6 6. e3 O-O 7. Bd3 c6 
8. Qc2 Nbd7 9. Nf3 Re8 10. h3 Nf8 11. O-O-O a5 12. Kb1 Be6 13. g4 N6d7 14.
 Rhg1 a4 15. h4 Qa5 16. g5 a3 17. b3 c5 18. dxc5 Nxc5 19. Nd4 Rec8 20. 
Ncb5 Nxd3 21. Qxd3 Nd7 22. g6 hxg6 23. Nxe6 fxe6 24. Qxg6 Bf6 25. Be5 Bxe5
26. Qxe6+ Kh8 27. Rxd5 Qb4 28. Rxe5 Nxe5 29. Qxe5 Qf8 30. Nd6 Ra5 31. Qxa5
Qxd6 32. Qh5+ Kg8 33. Qe2 Qe5 34. e4 b5 35. f3 Rc3 36. Rg5 Qf4 37. Qd1 
Rxf3 38. Qd8+ Qf8 39. Qxf8+ Rxf8 40. Rxb5 Rf1+ 41. Kc2 Rf2+ 42. Kc3 Rxa2 
43. Kb4 Ra1 44. h5 a2 45. Ka3 Re1 46. Kxa2 Rxe4 47. Rf5 Kh7 48. Ka3 g6 49.
 hxg6+ Kxg6 50. Rf1 Re8 51. b4 Rb8 52. Ka4 1-0

[Event "Bad Homburg"]
[Site "Bad Homburg"]
[Date "1998.07.20"]
[Round "4"]
[White "Gabriel, Christian"]
[Black "Jussupow, Artur"]
[Result "1/2-1/2"]
[WhiteElo "2555"]
[BlackElo "2630"]
[EventDate "1998.07.17"]

1. Nf3 d5 2. d4 Nf6 3. c4 e6 4. Nc3 Nbd7 5. cxd5 exd5 6. Bg5 Be7 7. e3 O-O
8. Bd3 Re8 9. Qc2 Nf8 10. O-O c6 11. Bxf6 Bxf6 12. b4 Bg4 13. Nd2 Rc8 14. 
Rfc1 Qd6 15. Rab1 g6 16. Nb3 Nd7 17. a4 Kg7 18. Qa2 h5 19. b5 c5 20. Qa3 
Be7 21. Bf1 b6 22. Qb2 Nf6 23. Ra1 Bd8 24. g3 h4 25. Bg2 hxg3 26. hxg3 c4 
27. Nd2 Bf5 28. Re1 Bc7 29. e4 dxe4 30. Ncxe4 Bxe4 31. Nxe4 Nxe4 32. Rxe4 
Rxe4 33. Bxe4 Bd8 34. Qc3 Bf6 35. Rd1 Qe6 36. Bf3 Rd8 37. Kg2 Rd6 38. Re1 
Qc8 39. Rd1 Rd8 40. Be2 Qb7+ 41. Bf3 Qc8 1/2-1/2

[Event "Benasque op"]
[Site "Benasque"]
[Date "1998.??.??"]
[Round "?"]
[White "Granda Zuniga, Julio E"]
[Black "Giorgadze, Giorgi"]
[Result "1/2-1/2"]
[WhiteElo "2630"]
[BlackElo "2605"]
[EventDate "1998.07.??"]

1. d4 Nf6 2. c4 e6 3. Nf3 d5 4. cxd5 exd5 5. Nc3 c6 6. Bg5 Bf5 7. e3 Be7 
8. Ne5 Ne4 9. Qf3 Be6 10. Bxe7 Qxe7 11. Rc1 Nd6 12. Bd3 O-O 13. Qh5 g6 14.
 Qe2 f6 15. Nf3 Bf5 16. Bxf5 Nxf5 17. O-O Nd7 18. Na4 Nd6 19. Ne1 f5 20. 
f4 Rfe8 21. Rf3 Ne4 22. Nd3 Rac8 23. h3 b6 24. b4 c5 25. bxc5 bxc5 26. 
Naxc5 Ndxc5 27. dxc5 Nxc5 28. Rff1 Nxd3 29. Rxc8 Rxc8 30. Qxd3 Qe4 31. Qb3
a5 32. Rd1 Rc2 33. Qxd5+ Qxd5 34. Rxd5 Rxa2 35. Rd8+ Kf7 36. Rd7+ Kg8 37. 
Rd8+ Kg7 38. Rd7+ Kg8 39. Rd8+ Kg7 40. Rd7+ 1/2-1/2

[Event "Cap d'Agde KO"]
[Site "Cap d'Agde"]
[Date "1998.10.30"]
[Round "3.6"]
[White "Gelfand, Boris"]
[Black "Karpov, Anatoly"]
[Result "0-1"]
[WhiteElo "2675"]
[BlackElo "2725"]
[EventDate "1998.10.??"]

1. d4 Nf6 2. c4 e6 3. Nc3 d5 4. cxd5 exd5 5. Bg5 Be7 6. e3 c6 7. Bd3 Nbd7 
8. Nge2 Nh5 9. Bxe7 Qxe7 10. g4 Nhf6 11. Ng3 Nb6 12. h3 Be6 13. Qc2 O-O-O 
14. O-O-O Kb8 15. Kb1 Ne8 16. f3 Nd6 17. b3 Qh4 18. Qh2 Ka8 19. Nge2 Rhe8 
20. Qg3 Qe7 21. Rhe1 h6 22. e4 dxe4 23. fxe4 Qg5 24. Qf4 Qh4 25. Qg3 Qg5 
26. Bc2 h5 27. gxh5 Qxh5 28. Nf4 Qh6 29. h4 Bc8 30. Qg5 Rh8 31. Qxh6 Rxh6 
32. Rh1 Rdh8 33. d5 g5 34. Ng2 cxd5 35. Nxd5 Nb5 36. Kb2 gxh4 37. a4 Nxd5 
38. Rxd5 Nc7 39. Rd2 h3 40. Nf4 Kb8 41. Rhh2 Rh4 42. Rdf2 Ne6 43. Nd5 Ng5 
44. Nf6 Be6 45. Kc3 Rd8 46. Kb2 Nh7 47. Nd5 Bxd5 48. exd5 Ng5 49. Rf5 Rg4 
50. Kc3 Kc7 51. Bd1 Rg3+ 52. Kb4 Kd6 53. Bc2 Re8 54. Rf6+ Kxd5 55. Rd2+ 
Ke5 56. Rf5+ Ke6 57. Re2+ Kd6 58. Rxe8 h2 59. Rh8 Rh3 60. Rxh3 Nxh3 61. 
Be4 0-1

[Event "Elista ol (Men)"]
[Site "Elista"]
[Date "1998.10.04"]
[Round "6"]
[White "Gulko, Boris F"]
[Black "Sturua, Zurab"]
[Result "1/2-1/2"]
[WhiteElo "2585"]
[BlackElo "2600"]
[EventDate "1998.09.29"]

1. c4 e6 2. Nc3 d5 3. d4 Nf6 4. cxd5 exd5 5. Bg5 c6 6. e3 Nbd7 7. Bd3 Be7 
8. Nge2 O-O 9. O-O Re8 10. f3 Nf8 11. Qc2 Ng6 12. Rad1 Be6 13. Kh1 Rc8 14.
 e4 dxe4 15. fxe4 Ng4 16. Bc1 c5 17. Bb5 Qc7 18. Nf4 cxd4 19. Bxe8 dxc3 
20. Bb5 cxb2 21. Qxb2 Nxf4 22. Bxf4 Qc2 23. Qxc2 Rxc2 24. Rd2 Rxd2 25. 
Bxd2 Bc5 26. Be1 Bxa2 27. Bg3 Nf6 28. Bd3 Be6 29. Bf2 Nd7 30. Kg1 Kf8 31. 
Bb5 Ke7 32. Bxd7 Bxf2+ 33. Kxf2 Kxd7 34. Ra1 a6 35. Ke3 Kc6 36. Kd4 Kb6 
37. Rb1+ Kc6 38. Rc1+ Kb6 39. Rb1+ Kc6 1/2-1/2

[Event "Elista ol (Men)"]
[Site "Elista"]
[Date "1998.10.06"]
[Round "8"]
[White "Shariyazdanov, Andrey"]
[Black "Asrian, Karen"]
[Result "1-0"]
[WhiteElo "2530"]
[BlackElo "2600"]
[EventDate "1998.09.29"]

1. d4 d5 2. c4 e6 3. Nc3 Nf6 4. cxd5 exd5 5. Bg5 Be7 6. e3 c6 7. Bd3 O-O 
8. Qc2 Nbd7 9. Nf3 Re8 10. O-O Nf8 11. h3 g6 12. Bh6 Ne6 13. Ne5 Ng7 14. 
g4 Nd7 15. f4 Nxe5 16. fxe5 Bg5 17. Bxg5 Qxg5 18. Qf2 Rf8 19. Rae1 h5 20. 
Qf6 Ne6 21. Qxg5 Nxg5 22. h4 Nh7 23. gxh5 gxh5 24. Kh2 Bg4 25. Rf4 Kg7 26.
 Ref1 Be6 27. Ne2 Rh8 28. Ng3 Nf8 29. Nf5+ Kg8 30. Rg1+ Ng6 31. Ne7+ 1-0

[Event "Elista ol (Men)"]
[Site "Elista"]
[Date "1998.10.09"]
[Round "10"]
[White "Gulko, Boris F"]
[Black "Filippov, Valerij"]
[Result "1/2-1/2"]
[WhiteElo "2585"]
[BlackElo "2595"]
[EventDate "1998.09.29"]

1. c4 e6 2. Nc3 d5 3. d4 c6 4. Nf3 Nf6 5. Bg5 Nbd7 6. cxd5 exd5 7. e3 Be7 
8. Bd3 O-O 9. Qc2 Re8 10. O-O Nf8 11. a3 Ne4 12. Bf4 f5 13. Ne5 Ng6 14. 
Nxg6 hxg6 15. f3 Ng5 16. Kh1 Bd6 17. Bxd6 Qxd6 18. e4 dxe4 19. fxe4 Qxd4 
20. exf5 gxf5 21. Bxf5 Be6 22. Rad1 Qc4 23. Qd2 Bxf5 24. Qxg5 Bh7 25. h3 
Qe6 26. Qg3 Re7 27. Rd6 Qc4 28. Rfd1 Rae8 29. Rd8 Bf5 30. Qb8 Qe6 31. 
Rxe8+ 1/2-1/2

[Event "Elista ol (Men)"]
[Site "Elista"]
[Date "1998.10.11"]
[Round "12"]
[White "Sadler, Matthew"]
[Black "Lputian, Smbat G"]
[Result "0-1"]
[WhiteElo "2660"]
[BlackElo "2615"]
[EventDate "1998.09.29"]

1. d4 e6 2. c4 d5 3. Nc3 Be7 4. cxd5 exd5 5. Bf4 c6 6. e3 Nf6 7. Bd3 Nbd7 
8. h3 O-O 9. Nf3 Re8 10. Qc2 Nf8 11. O-O Ng6 12. Bh2 Bd6 13. Bxd6 Qxd6 14.
 Rab1 Qe7 15. b4 Ne4 16. b5 Ng5 17. Nxg5 Qxg5 18. bxc6 bxc6 19. f4 Qf6 20.
 f5 Nf8 21. Qf2 Rd8 22. Qg3 h6 23. Kh2 Nh7 24. Na4 Qe7 25. Nc5 Nf6 26. 
Rfe1 Qf8 27. Rec1 Re8 28. Kg1 Qe7 29. Re1 Qd8 30. Re2 Re7 31. Reb2 Re8 32.
 Re2 Re7 33. Reb2 Re8 34. Qf4 Qe7 35. Re1 Nd7 36. Nxd7 Bxd7 37. Rb7 Red8 
38. Reb1 a5 39. R1b6 a4 40. Bc2 Qa3 41. Bb1 Rac8 42. f6 g5 43. Qg3 c5 44. 
dxc5 Qxc5 45. h4 Re8 46. Kh2 Rxe3 47. Qd6 Rh3+ 0-1

[Event "Hastings 9798"]
[Site "Hastings"]
[Date "1998.01.05"]
[Round "7"]
[White "Relange, Eloi"]
[Black "Rozentalis, Eduardas"]
[Result "1/2-1/2"]
[WhiteElo "2505"]
[BlackElo "2645"]
[EventDate "1997.12.29"]

1. c4 e6 2. Nf3 Nf6 3. Nc3 d5 4. d4 c6 5. Bg5 Nbd7 6. cxd5 exd5 7. e3 Be7 
8. Qc2 Nf8 9. Bd3 Ne6 10. Bh4 g6 11. O-O O-O 12. Rab1 Ng7 13. b4 a6 14. a4
Nf5 15. Bg5 1/2-1/2

[Event "Hoogovens"]
[Site "Wijk aan Zee"]
[Date "1998.01.24"]
[Round "7"]
[White "Gelfand, Boris"]
[Black "Piket, Jeroen"]
[Result "1/2-1/2"]
[WhiteElo "2675"]
[BlackElo "2575"]
[EventDate "1998.01.16"]

1. d4 d5 2. c4 e6 3. Nc3 Nf6 4. cxd5 exd5 5. Bg5 c6 6. Qc2 Be7 7. e3 O-O 
8. Bd3 Nbd7 9. Nge2 Re8 10. O-O Nf8 11. f3 Be6 12. Rad1 Rc8 13. a3 a6 14. 
Na4 N6d7 15. Bxe7 Qxe7 16. b4 a5 17. Rb1 axb4 18. axb4 b6 19. Rfc1 g6 20. 
Nf4 Bf5 21. Re1 Bxd3 22. Nxd3 Ne6 23. Nc3 Nf6 24. Qf2 c5 25. dxc5 bxc5 26.
 b5 d4 27. exd4 cxd4 28. Ne4 Nxe4 29. Rxe4 Qa3 30. Qd2 Rc3 31. Nf4 1/2-1/2

[Event "Hoogovens"]
[Site "Wijk aan Zee"]
[Date "1998.01.27"]
[Round "10"]
[White "Piket, Jeroen"]
[Black "Van der Sterren, Paul"]
[Result "1-0"]
[WhiteElo "2575"]
[BlackElo "2550"]
[EventDate "1998.01.16"]

1. d4 Nf6 2. c4 e6 3. Nc3 d5 4. cxd5 exd5 5. Bg5 c6 6. e3 Bf5 7. Qf3 Bg6 
8. Bxf6 Qxf6 9. Qxf6 gxf6 10. Nf3 Nd7 11. Nh4 Be7 12. g3 Nb6 13. Rd1 Bb4 
14. a3 Bxc3+ 15. bxc3 Na4 16. Kd2 b5 17. f3 O-O 18. g4 Nb2 19. Ra1 Nc4+ 
20. Bxc4 bxc4 21. Nf5 Rab8 22. Rhb1 Rfe8 23. e4 Bxf5 24. gxf5 dxe4 25. 
fxe4 Rxb1 26. Rxb1 Rxe4 27. Rb4 Rf4 28. Rxc4 Rxf5 29. Rxc6 Kg7 30. c4 Ra5 
31. d5 f5 32. c5 f4 33. d6 Kf6 34. Rc7 1-0

[Event "Internet blitz 5'"]
[Site "Internet ICC"]
[Date "1998.06.29"]
[Round "?"]
[White "Akopian, Vladimir"]
[Black "Kasparov, Garry"]
[Result "0-1"]
[WhiteElo "2660"]
[BlackElo "2825"]
[EventDate "1998.05.24"]

1. d4 Nf6 2. c4 e6 3. Nf3 d5 4. Nc3 Nbd7 5. cxd5 exd5 6. Bg5 Be7 7. e3 O-O
8. Qc2 Re8 9. Bd3 c6 10. h3 Nf8 11. O-O g6 12. Rab1 Ne6 13. Bxf6 Bxf6 14. 
b4 a6 15. a4 Qd6 16. Rfc1 Bd7 17. b5 axb5 18. axb5 c5 19. dxc5 Nxc5 20. 
Rd1 Bxc3 21. Qxc3 Nxd3 22. Rxd3 Bf5 23. Rbd1 Bxd3 24. Qxd3 Rec8 25. h4 Ra3
26. Qd4 Rac3 27. g3 Rc1 28. Rxc1 Rxc1+ 29. Kg2 b6 30. h5 Rc4 31. Qd3 Qe6 
32. h6 Qe4 33. Qa3 Rc8 34. Qa1 d4 35. exd4 Qd5 36. Qe1 g5 37. g4 Kf8 38. 
Qb4+ Ke8 39. Kg3 f6 40. Qb1 Rc7 41. Qa1 Kf7 42. Qb1 Ke6 43. Qe1+ Kd7 44. 
Qb1 Kc8 45. Qe1 Qd6+ 46. Kg2 Re7 47. Qc1+ Kb8 48. Qc2 Qd5 49. Qc3 Qxb5 50.
 Qa3 Qd7 51. Qb4 Qxg4+ 0-1

[Event "Internet blitz 5'"]
[Site "Internet ICC"]
[Date "1998.08.10"]
[Round "?"]
[White "Dlugy, Maxim"]
[Black "Kasparov, Garry"]
[Result "0-1"]
[WhiteElo "2540"]
[BlackElo "2825"]
[EventDate "1998.05.24"]

1. d4 Nf6 2. Nf3 e6 3. c4 d5 4. Nc3 Nbd7 5. cxd5 exd5 6. Bg5 Be7 7. e3 c6 
8. Qc2 Nh5 9. Bxe7 Qxe7 10. O-O-O Nb6 11. Bd3 Be6 12. Kb1 g6 13. Rhe1 
O-O-O 14. Ka1 Kb8 15. Rb1 Ng7 16. Nd2 Bf5 17. f3 Bxd3 18. Qxd3 Ne6 19. b4 
Rhe8 20. Rb3 f5 21. a4 f4 22. a5 Nc8 23. Rb2 fxe3 24. Rxe3 Nf4 25. Rxe7 
Nxd3 26. Rxe8 Rxe8 27. Rb1 Nd6 28. b5 Nxb5 29. Nxb5 cxb5 30. Rxb5 Re1+ 31.
 Nb1 Nf4 32. g3 Ne2 33. Kb2 Rxb1+ 0-1

[Event "Keres mem"]
[Site "Tallinn/ Parnu"]
[Date "1998.06.29"]
[Round "9"]
[White "Short, Nigel D"]
[Black "Andersson, Ulf"]
[Result "1-0"]
[WhiteElo "2660"]
[BlackElo "2635"]
[EventDate "1998.06.19"]

1. d4 Nf6 2. c4 c6 3. Nc3 d5 4. Nf3 e6 5. Bg5 Nbd7 6. e3 Qa5 7. cxd5 exd5 
8. Bd3 Bd6 9. Qc2 O-O 10. O-O Re8 11. a3 h6 12. Bh4 Qd8 13. Rae1 Be7 14. 
Bg3 Nf8 15. h3 Be6 16. Ne5 N6d7 17. f4 Nb6 18. f5 Bd7 19. e4 dxe4 20. Rxe4
Bf6 21. Nxf7 Kxf7 22. Qb3+ Ne6 23. Rfe1 Nd5 24. Nxd5 cxd5 25. Qxd5 Bc6 26.
 fxe6+ Kg8 27. Qf5 Bxe4 28. Bxe4 Qxd4+ 29. Bf2 Qd6 30. Qh7+ Kf8 31. Bg6 
Ke7 32. Bxe8 Rxe8 33. Qe4 Rc8 34. Qxb7+ Rc7 35. Qe4 Bxb2 36. Bh4+ g5 37. 
Qh7+ Kd8 38. Qg8+ Ke7 39. Bf2 Bc3 40. Qf7+ Kd8 41. Qg8+ Ke7 42. Re4 Bd2 
43. g3 1-0

[Event "Orel"]
[Site "Orel"]
[Date "1998.??.??"]
[Round "12"]
[White "Pushkov, Nikolai"]
[Black "Komliakov, Viktor"]
[Result "0-1"]
[WhiteElo "2520"]
[BlackElo "2510"]
[EventDate "1998.??.??"]

1. d4 d5 2. c4 e6 3. Nc3 Nf6 4. Nf3 c6 5. cxd5 exd5 6. Qc2 Be7 7. Bf4 Nbd7
8. e3 Nf8 9. h3 Ng6 10. Bh2 O-O 11. Bd3 Re8 12. O-O-O Bd6 13. Bxd6 Qxd6 
14. g4 Qe7 15. Nd2 b6 16. g5 Nd7 17. h4 Bb7 18. h5 Ngf8 19. g6 fxg6 20. 
hxg6 h6 21. Nf3 c5 22. Nh4 Qf6 23. Kb1 Bc6 24. Bf5 Rad8 25. Ng2 Qd6 26. 
Nf4 Nf6 27. dxc5 bxc5 28. Rh4 Qe5 29. Bd3 d4 30. exd4 Qg5 0-1